| 000 | 00530nam a2200157Ia 4500 | ||
|---|---|---|---|
| 005 | 20260121165309.0 | ||
| 008 | 260121s9999 xx 000 0 und d | ||
| 020 | _a978-93-91558-38-3 | ||
| 041 | _amar | ||
| 100 | _aनिंबाळकर शिल्पा | ||
| 245 | _aस्वातंत्र्य संग्राम आणि शेतकरी सहभाग | ||
| 250 | _a1 | ||
| 260 |
_bभारतीय विचार साधना फाउंडेशन _c2022 |
||
| 300 | _a36 | ||
| 650 | _aHistory | ||
| 999 |
_c369958 _d369958 |
||